|
|
|
|
| LEADER |
00731nam a22002172a 4500 |
| 001 |
001409011 |
| 003 |
CZ BrMZK |
| 005 |
20150123134919.0 |
| 007 |
ta |
| 008 |
140804s1957 fr er|||||||||||fre d |
| 040 |
|
|
|a ABA001
|b cze
|d BOA001
|
| 100 |
1 |
|
|a Mathieu, Jean,
|d 1917-2003
|7 mub2013749702
|4 aut
|
| 245 |
1 |
0 |
|a Principes de synthèse organique :
|b introduction au mécanisme des réactions /
|c Jean Mathieu and André Allais
|
| 260 |
|
|
|a Paris :
|b Masson,
|c 1957
|
| 300 |
|
|
|a 8, 598 s.
|
| 504 |
|
|
|a Obsahuje bibliografie
|
| 700 |
1 |
|
|a Allais, André
|7 mub2013749701
|4 aut
|
| 910 |
|
|
|a BOA001
|b 2-0410.570
|
| 990 |
|
|
|a BK
|
| 991 |
|
|
|b 201407
|
| 996 |
7 |
|
|b 2619126803
|c 2-0410.570
|l MZK
|r Sklad / do 24 hodin
|n 0
|w 001444102
|u 000010
|a 1
|e BOA001
|j MZK50
|s A
|